FINNEAS Discography - Statistics

General Stats
  • This quiz has been taken 5 times
  • The average score is 33 of 42
Answer Stats
Hint Answer % Correct
Optimist A Concert Six Months From Now
100%
The Dream David's Brother
100%
For Cryin' Out Loud! Family Fued
100%
For Cryin' Out Loud! For Cryin' Out Loud!
100%
Blood Harmony Let's Fall in Love for the Night
100%
For Cryin' Out Loud! Lotus Eater
100%
Blood Harmony Partners in Crime
100%
The Dream Restless Little Heart
100%
For Cryin' Out Loud! Starfucker
100%
For Cryin' Out Loud! Sweet Cherries
100%
Optimist The 90s
100%
The Dream The Dream
100%
The Dream The Little Mess You Made
100%
For Cryin' Out Loud! What's It Gonna Take To Break Your Heart?
100%
For Cryin' Out Loud! 2001
75%
Optimist Around My Neck
75%
For Cryin' Out Loud! Cleats
75%
Blood Harmony Die Alone
75%
Optimist Happy Now?
75%
The Dream Home Sweet Home
75%
Optimist How It Ends
75%
Optimist Hurt Locker
75%
Blood Harmony I Don't Miss You at All
75%
Blood Harmony I Lost a Friend
75%
For Cryin' Out Loud! Little Window
75%
The Dream Moonshine
75%
The Dream Necessary Evils
75%
Optimist Only A Lifetime
75%
The Dream Ordinary People
75%
Optimist Peaches Etude
75%
For Cryin' Out Loud! Same Old Story
75%
The Dream Times Square Jesus
75%
The Dream Lake George
50%
Blood Harmony Lost My Mind
50%
Optimist Love is Pain
50%
Optimist Medieval
50%
Blood Harmony Shelter
50%
The Dream Someday I'll Be Back In Hollywood
50%
Optimist Someone Else's Star
50%
The Dream The Hudson
50%
Optimist The Kids Are All Dying
50%
Optimist What They'll Say About Us
50%
No matching quizzes found
Score Distribution
Percent of People with Each Score
Percentile by Number Answered
Your Score History
You have not taken this quiz